[Event "Concepcion CC Mayor"]
[Site "Concepcion"]
[Date "2019.08.20"]
[Round "3"]
[White "Collao Olmos, Manuel"]
[Black "Farfan Ortiz, Victor"]
[Result "0-1"]
[WhiteElo "1681"]
[BlackElo "2126"]
[PlyCount "78"]
[EventDate "2019.08.06"]
[EventType "tourn"]
[EventRounds "9"]
[EventCountry "CHI"]
[SourceTitle "CBM 195 Extra"]
[Source "ChessBase"]
[SourceDate "2020.05.31"]
[SourceVersion "1"]
[SourceVersionDate "2020.05.31"]
[SourceQuality "1"]

1. e4 c5 2. Nf3 e6 3. d4 cxd4 4. Nxd4 a6 5. c4 Nf6 6. Nc3 Bb4 7. Bd3 0-0 8. e5 Qa5 9. exf6 Bxc3+ 10. Kf1 Bxd4 11. Bxh7+ Kxh7 12. Qxd4 Qh5 13. fxg7 Rg8 14. Bd2 Nc6 15. Qe3 Rxg7 16. h4 b5 17. f3 f5 18. Kf2 Bb7 19. Bc3 Rf7 20. Qb6 d5 21. cxb5 axb5 22. Qxb5 d4 23. Bd2 Rd8 24. Rac1 Rd5 25. Qb6 Ne5 26. Rc7 Rxc7 27. Qxc7+ Qf7 28. Qb6 Qd7 29. b3 Rb5 30. Qa7 Qc6 31. Kg3 Nxf3 32. Rc1 Qd6+ 33. Bf4 e5 34. Bg5 Nxg5 35. hxg5 e4+ 36. Kh3 Kg6 37. Qa4 Kxg5 38. Rh1 Qh6+ 39. Kg3 Qxh1 0-1